Lord of the Rings Scenes Featuring Saruman Quiz Stats

 Plays Quiz not verified by Sporcle

Score 0/16 Timer 05:00
0 Plays Today
% Correct
The Lord of the Rings: The Fellowship of the Ring
95.6%
The Lord of the Rings: The Fellowship of the Ring
91.1%
The Lord of the Rings: The Two Towers
90.5%
The Lord of the Rings: The Fellowship of the Ring
89.9%
The Lord of the Rings: The Fellowship of the Ring
87.3%
The Lord of the Rings: The Two Towers
86.7%
The Lord of the Rings: The Two Towers
85.4%
The Lord of the Rings: The Fellowship of the Ring
81%
% Correct
The Lord of the Rings: The Return of the King
77.2%
The Lord of the Rings: The Two Towers
76.6%
The Lord of the Rings: The Return of the King
75.3%
The Lord of the Rings: The Return of the King
67.7%
The Lord of the Rings: The Two Towers
67.7%
The Lord of the Rings: The Fellowship of the Ring
57.6%
The Lord of the Rings: The Two Towers
55.1%
The Lord of the Rings: The Fellowship of the Ring
49.4%

You're not logged in!

Compare scores with friends on all Sporcle quizzes.
Join for Free
OR
Log In

You Might Also Like...

Show Comments

Extras

Top Quizzes Today


Score Distribution

Your Account Isn't Verified!

In order to create a playlist on Sporcle, you need to verify the email address you used during registration. Go to your Sporcle Settings to finish the process.

Report this User

Report this user for behavior that violates our Community Guidelines.

Details: